Statistics for Air New Zealand International Destinations around the world.

Click here to take the quiz!

General Stats

  • This quiz has been taken 49 times
  • The average score is 23 of 31

Answer Stats

Airport CodeAirport% Correct
LAXLos Angeles
100%
MELMelbourne
97%
SFOSan Francisco
97%
SYDSydney
97%
NRTTokyo
97%
ADLAdelaide
94%
BNEBrisbane
94%
HKGHong Kong
94%
HNLHonolulu
94%
PERPerth
94%
TPETaipei
94%
PVGShanghai
91%
SINSingapore
91%
YVRVancouver
84%
ORDChicago
81%
ICNSeoul
78%
KIXOsaka
75%
EZEBuenos Aires
72%
LHRLondon Heathrow
72%
APWApia
69%
IAHHouston
69%
DPSDenpasar
66%
NANNadi
66%
OOLGold Coast
63%
CNSCairns
59%
NOUNoumea
59%
IUENiue
38%
PPTTahiti
38%
NLKNorfolk Island
28%
MCYSunshine Coast
25%
TBUTongatapu
16%

Score Distribution

Percentile by Number Answered

Percent of People with Each Score

Your Score History

You have not taken this quiz